000 01875nam0a2200373 4500
001 RU\NLR\bibl\107352
005 20250617090318.0
010 _a5-86629-028-6
_91000
020 _aRU
_b98-33387
_9Книжная летопись
021 _aRU
_b98-25540
_91217
035 _a(NLR Aleph) 000105065
090 _a594563
_c594563
100 _a20000410d1998 |||y0rusy50 ca
101 0 _arus
102 _aRU
105 _ay |||||||||
200 1 _aКодекс законов о труде Российской Федерации
_e(С изм. текста КЗоТа и крат. коммент. с учетом нового законодательства по состоянию на 1 янв. 1998 г.)
_fНауч. центр профсоюзов
_g[Коммент. д.ю.н., проф. Снигиревой И.О.]
210 _aМ.
_cНауч. центр профсоюзов
_d1998
215 _a139, [1] с.
_d20
604 _171001$aРоссийская Федерация
_150011$aКодекс законов о труде$2nlr_sh2$3RU\NLR\AUTH\661258266
_aРоссийская Федерация
_tКодекс законов о труде
_92082248
_3RU\NLR\AUTH\661258266
606 0 _aКодекс законов о труде
_yРоссийская Федерация
_92073707
_3RU\NLR\auth\661248641
610 0 _aКодекс законов о труде Российской Федерации
675 _a349.2(470)(094.4)
_v3
_zrus
686 _a10.63
_2rugasnti
686 _a67.99.7
_2rubbk
686 _aХ627-324.9(2Р)
740 1 _aРоссийская Федерация
_iКодекс законов о труде
_tЗаконы
_9883295
_3RU\NLR\AUTH\880611444
801 0 _aRU
_bRKP
_c20000410
_gPSBO
801 1 _aRU
_bRKP
_c20000911
_gPSBO
852 _aNLR
_j98-3/8181
942 _cBOOK
980 _aNB